Đang tải...
Companion to the HIstory of English Language
| Tác giả chính: | |
|---|---|
| Định dạng: | Printed Book |
| Được phát hành: |
Wiley-Blackwell
2011
|
| Những chủ đề: |
| LEADER | 00434nam a22001217a 4500 | ||
|---|---|---|---|
| 082 | |a 420 |b MOM.C | ||
| 100 | |a Momma, Haruko Ed. | ||
| 245 | |a Companion to the HIstory of English Language | ||
| 260 | |b Wiley-Blackwell |c 2011 | ||
| 650 | |a English Language |a History of English Language | ||
| 942 | |c BK | ||
| 999 | |c 12902 |d 12902 | ||
| 952 | |0 0 |1 0 |4 0 |6 420_000000000000000_MOM_C |7 0 |9 15057 |a CAMPUS |b CAMPUS |d 2017-07-26 |l 0 |o 420 MOM.C |p 14432 |r 2017-07-26 |w 2017-07-26 |y BK | ||